Zu welcher Wirbeltierklasse gehört das Tier? - Statistiken

Allgemein
  • Dieses Quiz wurde 142 mal gespielt
  • Das Durchschnittsergebnis liegt bei 16 aus 20
Antwortstatistiken
Hint Antwort % Korrekt
Kiwi Vögel
95%
Aal Fische
93%
Strauß Vögel
93%
Opossum Säugetiere
89%
Kiebitz Vögel
89%
Flunder Fische
88%
Muräne Fische
88%
Alligator Reptilien
87%
Kröte Amphibien
85%
Pinguin Vögel
82%
Seepferdchen Fische
81%
Fledermaus Säugetiere
81%
Delfin Säugetiere
80%
Gürteltier Säugetiere
79%
Schildkröte Reptilien
77%
Unke Amphibien
76%
Gecko Reptilien
71%
Axolotl Amphibien
69%
Blindschleiche Reptilien
66%
Salamander Amphibien
63%
Keine übereinstimmenden Quizze gefunden
Verteilung der Resultate
Anzahl Personen mit jedem Resultat
Perzentil nach korrekt beantworteten Fragen
Ihre Resultats-Entwicklung
Sie haben dieses Quiz noch nicht gespielt